Statistics for April Fools' Quiz #7

Click here to take the quiz!

General Stats

  • This quiz has been taken 9,590 times
  • The average score is 13 of 20

Answer Stats

Question Answer % Correct
What Asian animal is inaccurately called a bear, despite actually being large
member of the raccoon family?
Giant Panda
95%
What former city has been a nuclear wasteland since 1945 when the U.S. dropped
an atomic bomb on it?
Hiroshima
(or Nagasaki)
87%
What is the smallest, and furthest away, planet of the solar system?Pluto
85%
What was the last year of the 20th century?1999
82%
What country has by far the world's highest rate of gun violence?United States
79%
Most Middle Eastern countries are Muslim. But one country in the Middle East bans
Muslims entirely. What is it?
Israel
76%
What U.S. state's capital city is Anchorage?Alaska
76%
In what building would you find a red-colored telephone that connects directly
with the Kremlin in Moscow?
White House
75%
What country has the world's lowest fertility rate since all the women
who live there are nuns?
Vatican City
72%
What religious figure, born around 500 B.C., was morbidly obese?Buddha
71%
Which U.S. President had the most well-attended inauguration parade of all-time?Donald Trump
70%
What is the largest dessert in Asia?Gobi
69%
Women have 12 of this type of bone, but men only have 11. What is it?Rib
64%
What are 80% of U.S. prisoners in prison for?Drugs
61%
What type of insect got its name because of its habit of crawling into human ear canals?Earwig
60%
Who was the Serbian-American inventor that ACTUALLY invented the lightbulb?Nikola Tesla
57%
What famous Polish astrologist was the first person to realize that the Earth
revolves around the sun?
Nicolaus Copernicus
49%
What country, founded in 1922, didn't have any need for money since it was Communist?Soviet Union
49%
What Old English word, used famously in "Romeo and Juliet", is a longer version
of the word "where"?
Wherefore
43%
Who said "golf is a good walk spoiled"?Winston Churchill
23%

Score Distribution

Percentile by Number Answered

Percent of People with Each Score

Your Score History

You have not taken this quiz